Les reptiles humaines : livre en defense de la morale.

-д хадгалсан:
Номзүйн дэлгэрэнгүй
Үндсэн зохиолч: Richard, C. (Зохиогч)
Формат: Ном
Хэл сонгох:франц
Хэвлэсэн: Paris : C. Richard Edit., 1891
Хэвлэл:Deuxième édition
Шошгууд: Шошго нэмэх
Шошго байхгүй, Энэхүү баримтыг шошголох эхний хүн болох!

MARC

LEADER 00000nam a22000007i 4500
001 IT\ICCU\CUB\0549994
003 ItRI
005 20260115232224.0
008 980206s1891 fr |||||| ||||| |||||c
015 |2 IT  |a 1891 5847 
024 7 0 |a 504558  |2 cubi 
040 |b ita  |c importazione bologna sebina 
041 7 |a fre  |2 ISO-639-2 
100 1 |a Richard, C.  |0 IT\ICCU\CUBV\169103  |4 aut 
245 1 4 |a Les reptiles humaines :  |b livre en defense de la morale. 
250 |a Deuxième édition 
260 |a Paris :  |b C. Richard Edit.,  |c 1891  |e (Milan :  |f Impr. Cooperative Insubre) 
300 |a 272 p. :  |b ill. ;  |c 21 cm 
500 |a Sulla cop.: avec 50 aquarelles du peintre Isidore Farina. 
942 |2 ddc  |c BK  |n 0 
952 |0 0  |1 0  |4 0  |6 DOC_170_200000000000000_RIC  |7 0  |9 22270  |a BO  |b BO  |d 2026-01-15  |i 904  |l 0  |o DOC 170.2 RIC  |p BO904  |r 2026-01-15 23:22:24  |w 2026-01-15  |x [Sebina 7] [1 v.]  |y BK  |z 1 v. 
999 |c 19022  |d 19022